| 000 | 00439pab a2200145 454500 | ||
|---|---|---|---|
| 008 | 180718b1990 xxu||||| |||| 00| 0 eng d | ||
| 100 | _aRietveld, Pietand Cees Gorter | ||
| 245 |
_aInnovation in Indonesian small scale industry _bA case study |
||
| 260 | _c1990 | ||
| 300 | _a1-19 | ||
| 362 | _aJan. | ||
| 650 | _aIndustry, Small - Scale - Indonesia | ||
| 773 | _aInternational Journal of Development Planning Literature | ||
| 909 | _a10952 | ||
| 999 |
_c10952 _d10952 |
||